Objet.....a plusieurs sens et pas que - Statistiques

Statistiques générales
  • Ce quiz a été pris 162 fois
  • Le résultat moyen est 25 sur 45
Statistiques - réponses
Question Objet % Correct
De massage, tennis de, a manger, a repasser Table
95%
A coudre, dentaire, synonyme de câble Fil
91%
A coudre ou il a six faces dans beaucoup de jeux
84%
Poubelle, insulter quelqu'un de gros, A main, a dos Sac
80%
Carte, carrelage, chemise a, Vitre Carreau
76%
De tennis, de badminton, de squash ou pour marcher sur la neige Raquette
76%
De sol, de bras, USB Clé
74%
A glaçons, Diplôme au lycée , à sable, Section de Police Bac
73%
De sorcier, de pain, pour taper sur une batterie Baguette
72%
Azerty, nom d'un acteur prénommé Christian Clavier
72%
De vainqueur, de cheveux, de champagne, du monde Coupe
72%
On y était presque, on les accroche sur le sapin, pour la pétanque, Testicules Boules
71%
Indispensable au billard, file d'attente, zizi Queue
71%
Outil de bricolage, Requin, service Marteau
69%
Action de dérober (synonyme), indispensable au badminton, est pour diriger la voiture Volant
69%
Smile, elle fait clique, rongeur Souris
67%
On les ferme la nuit, nouveau chapitre Volet
67%
Appareil pour voir plus loin, Nées le même jour, 2 tours Jumelles
66%
Dans l'ombre, de souris, ou simple paillasson Tapis
65%
Outil numérique, abdominaux, chocolat Tablette
64%
Permet d'écouter la musique, femme qui attend un heureux évènement Enceinte
63%
On s'assoit dessus, Position sportive pour faire les cuisses, électrique Chaise
61%
Wifi, cela peut aussi être un endroit pour chevaux, ou pour ranger Box
59%
Fromage d'hiver savoyard, On l'utilise si le pare-brise gèle Raclette
59%
De télévision, a neige, synonyme de laisse pour un chien Chaîne
56%
Revers, en chocolat, ou sur le podium Médaille
56%
De dessin, à rouler, d'arbre Feuille
55%
Préfecture française, de château, d'ordinateur, de magie Tours
55%
Nom de famille de Nicolas, y'a un gardien a l'intérieur, ou un animal Cage
54%
Pet, voiture, a savon, a course, dans un magasin pour payer Caisse
54%
On s'assoit aux toilettes, trou sur une route (terme de rallye) Cuvette
52%
On les mets aux pieds et sur les pneus Chaussette
50%
Accident, emballage, A pizza, ou rouge Carton
47%
On l'ouvre et on la ferme, si on le fait plus on le vend sur Vinted Porte
46%
On se coiffe avec, bédo, feu d'artifices Pétard
35%
Etendage a linge, Ville du 76 Tancarville
35%
Synonyme de réconforte, on en a besoin pour jouer au jeux vidéos avec manettes Console
32%
Outil pour taper, Synonyme de poids, On nous _ _ _ _ _ quand on va au Hammam Masse
31%
Préfecture française, A vent Moulins
28%
Lumière, Elément du tableau périodique Néon
25%
Vêtement, Synonyme de pochette Chemise
18%
De la famille de l'antilope ou modèle de Chevrolet Impala
17%
De voiture, de téléphone ou instrument de musique Batterie
13%
Les femmes en mettent parfois, en plus du cachet, commune de la Réunion Tampon
13%
Service, outil de bricolage, on y prend une carte quand on passe pas Pioche
9%
Aucun quiz correspondant
Distribution des résultats
% des personnes avec chaque résultat
Percentile par nombre de réponses
Votre historique - résultats
Vous n’avez pas pris ce quiz